000
00297nam a22001217a 4500
008
170906b xxu||||| |||| 00| 0 eng d
041
_a
eng
080
_2
1ST
_a
72
100
_a
41
101
_a
ARK
245
_a
A TREATISE ON ARCHITECTURE AND BUILDING CONSTRUCTION
_c
SCRANTON,PA
942
_2
udc
_c
BK
999
_c
26353
_d
26353